Представление документа в формате MARC21

Поле Инд. ПП Название Значение
Тип записи m
Библиографический уровень m
001 Контрольный номер RU/LIBMSTU/385731229
005 Дата корректировки 20230131121358.7
008 Кодируемые данные 121029|||||||||ru |||||||||||000|||rus||
040 b Код языка каталог. rus
e Правила каталог. PSBO
041 0_ a Код языка текста rus
084 a Индекс другой классификации/Индекс ББК 81.2Англ
245 10 a Заглавие Моя будущая профессия (инженерная защита окружающей среды)
b Продолж. заглавия метод. указания по развитию навыков уст. речи на англ. яз. для студентов специальности 280202.65 "Инженерная защита окружающей среды" по теме "Моя будущая профессия"
c Ответственность Федер. агентство по рыболовству, Мурман. гос. техн. ун-т, Каф. иностр. яз. ; сост. И. В. Егорова
h Физич. носитель Электронный ресурс
256 a Характеристики компьютерного файла Электрон. текстовые дан. (1 файл : 570 Кб)
260 a Место издания Мурманск
b Издательство Изд-во МГТУ
c Дата издания 2011
500 10 a Примечание Доступ из локальной сети Мурман. гос. техн. ун-та. - Загл. с экрана
583 x Служебное примечание Полнотекстовые документы
x Служебное примечание Труды преподавателей МГТУ
z Открытое примечание 280000
z Открытое примечание 20.00.00
653 1_ a Ключевые слова Английский язык; Английский язык для естественно-технических специальностей; Защита окружающей среды; Методические указания; Электронные версии
a Ключевые слова Труды преподавателей МГТУ
856 40 u URL https://elib.mauniver.ru/2011/M_11_117.pdf
901 t Тип документа m
952 c Вид литературы учебно-методическое издание